Atlas of Egyptian art / (Record no. 27189)
[ view plain ]
| 000 -LEADER | |
|---|---|
| fixed length control field | 01584cam a22003615a 4500 |
| 001 - CONTROL NUMBER | |
| control field | 2619133 |
| 005 - DATE AND TIME OF LATEST TRANSACTION | |
| control field | 20190224130834.0 |
| 008 - FIXED-LENGTH DATA ELEMENTS--GENERAL INFORMATION | |
| fixed length control field | 970826s2007 ua a frbc 000 0 eng d |
| 010 ## - LIBRARY OF CONGRESS CONTROL NUMBER | |
| LC control number | 98100431 |
| 020 ## - INTERNATIONAL STANDARD BOOK NUMBER | |
| International Standard Book Number | 978 |
| 035 ## - SYSTEM CONTROL NUMBER | |
| System control number | (OCoLC)37528407 |
| 035 ## - SYSTEM CONTROL NUMBER | |
| System control number | 1214946 |
| 040 ## - CATALOGING SOURCE | |
| Original cataloging agency | NjN |
| Language of cataloging | eng |
| Transcribing agency | NjN |
| Modifying agency | OrU |
| -- | DLC |
| -- | EG-ScBUE |
| 041 1# - LANGUAGE CODE | |
| Language code of text/sound track or separate title | eng |
| Language code of original and/or intermediate translations of text | fre |
| 043 ## - GEOGRAPHIC AREA CODE | |
| Geographic area code | f-ua--- |
| 082 04 - DEWEY DECIMAL CLASSIFICATION NUMBER | |
| Classification number | 709.32 |
| Item number | PRI |
| Edition number | 22 |
| 100 1# - MAIN ENTRY--PERSONAL NAME | |
| Personal name | Prisse d'Avennes, |
| Dates associated with a name | 1807-1879. |
| 9 (RLIN) | 23009 |
| 240 10 - UNIFORM TITLE | |
| Uniform title | <a href="Histoire de l'art égyptien d'après les monuments depuis les temps les plus reculés jusqu'à la domination romaine.">Histoire de l'art égyptien d'après les monuments depuis les temps les plus reculés jusqu'à la domination romaine.</a> |
| Form subheading | Selections. |
| Language of a work | English |
| 245 10 - TITLE STATEMENT | |
| Title | Atlas of Egyptian art / |
| Statement of responsibility, etc | Prisse d'Avennes ; with an introduction by Maarten J. Raven ; captions by Olaf E. Kaper. |
| 260 ## - PUBLICATION, DISTRIBUTION, ETC. (IMPRINT) | |
| Place of publication, distribution, etc | Cairo ; |
| -- | New York : |
| Name of publisher, distributor, etc | The American University in Cairo Press, |
| Date of publication, distribution, etc | 2007. |
| 300 ## - PHYSICAL DESCRIPTION | |
| Extent | 24 p., [146] p. of plates : |
| Other physical details | ill. (chiefly col.) ; |
| Dimensions | 30 cm. |
| 500 ## - GENERAL NOTE | |
| General note | Contains plates only from: Histoire de l'art egyptien d'apres les monuments depuis les temps les plus recules jusqu'a la domination romaine. |
| 500 ## - GENERAL NOTE | |
| General note | "This edition reproduced from: Atlas of Egyptian art ... (Cairo : Zeitouna, 1991)"--t.p. verso. |
| 500 ## - GENERAL NOTE | |
| General note | "A Zeitouna book." |
| 504 ## - BIBLIOGRAPHY, ETC. NOTE | |
| Bibliography, etc | Includes bibliographical references (p. 7). |
| 505 2# - FORMATTED CONTENTS NOTE | |
| Formatted contents note | Cross-reference with Porter & Moss [p. 24]. |
| 650 #7 - SUBJECT ADDED ENTRY--TOPICAL TERM | |
| Topical term or geographic name as entry element | Art, Egyptian |
| General subdivision | Catalogs. |
| Source of heading or term | BUEsh |
| 651 #7 - SUBJECT ADDED ENTRY--GEOGRAPHIC NAME | |
| Geographic name | Egypt |
| General subdivision | Antiquities |
| -- | Catalogs. |
| Source of heading or term | BUEsh |
| 653 ## - INDEX TERM--UNCONTROLLED | |
| Resource For college | Generalities |
| -- | Communication and mass media |
| Arrived date list | February2019 |
| 700 1# - ADDED ENTRY--PERSONAL NAME | |
| Personal name | Kaper, Olaf E. |
| Relator term | editor. |
| 700 1# - ADDED ENTRY--PERSONAL NAME | |
| Personal name | Raven, Maarten J., |
| Relator term | author of introduction, etc. |
| 942 ## - ADDED ENTRY ELEMENTS (KOHA) | |
| Source of classification or shelving scheme | Dewey Decimal Classification |
| Withdrawn status | Item status | Damaged status | Not for loan | Home library | Current library | Shelving location | Date acquired | Source of acquisition | Total Checkouts | Total Renewals | Full call number | Barcode | Checked out | Date last seen | Date last borrowed | Koha item type | Source of classification or shelving scheme | Vendor | Cost, normal purchase price | Serial Enumeration / chronology | Cost, replacement price |
|---|---|---|---|---|---|---|---|---|---|---|---|---|---|---|---|---|---|---|---|---|---|
| Central Library | Central Library | Second Floor | 07/03/2015 | Purchase | 2 | 3 | 709.32 PRI | 000001086 | 05/10/2019 | 17/08/2017 | 17/08/2017 | Book - Borrowing | |||||||||
| Central Library | Central Library | Second Floor | 24/02/2019 | Purchase | 3 | 38 | 709.32 PRI | 000044302 | 15/07/2025 | 10/03/2025 | Book - Borrowing | Dewey Decimal Classification | AUC | 240.00 | 16583 | 300.00 |